000
00253nam a2200121Ia 4500
008
190216s9999||||xx |||||||||||||| ||und||
100
_a
Abdulla Hussain
245
0
_a
Hindi-Nisheb
260
_b
Loshan
300
_a
112
650
_a
Hindi
942
_c
BK
999
_c
16356
_d
16356